اسس ميتافيزيقا الاخلاق / (Record no. 44824)
[ view plain ]
| 000 -الفاتح | |
|---|---|
| حقل البيانات ثابتة الطول | 00659nam a2200193Ia 4500 |
| 005 - وقت وتاريخ اخر تعامل مع التسجيلة | |
| رقم الضبط | 20240530104129.0 |
| 008 - عناصر البيانات ثابتة الطول - معلومات عامة | |
| حقل البيانات ثابتة الطول | 140319s9999 xx 000 0 ara d |
| 040 ## - مصدر الفهرسة | |
| وكالة الفهرسة الأصلية | GCL / |
| وكالة النسخ | GCL |
| 082 04 - رقم تصنيف ديوى العشرى | |
| رقم التصنيف | 172.1 |
| رقم المادة | ك ا |
| 100 1# - المدخل الرئيسى - إسم شخصى | |
| الإسم الشخصى | كانط , امانويل |
| 245 10 - بيان العنوان | |
| العنوان | اسس ميتافيزيقا الاخلاق / |
| بيان المسئوليه,etc | كانط , امانويل ؛ ترجمه وقدم له : محمد فتحى الشنيطى |
| 300 ## - الوصف المادى | |
| التعداد | 200 ص؛ |
| أبعاد الوعاء | 24 سم |
| 650 04 - المدخل الاضافى بالموضوع-مصطلح موضوعى | |
| مصطلح موضوعي | الاخلاق |
| 650 04 - المدخل الاضافى بالموضوع-مصطلح موضوعى | |
| مصطلح موضوعي | الفلسفة الحديثة |
| 650 04 - المدخل الاضافى بالموضوع-مصطلح موضوعى | |
| مصطلح موضوعي | القيم الاخلاقية |
| 700 1# - المدخل الاضافى - اسم شخصى | |
| الإسم الشخصى | محمد فتحى الشنيطى |
| الدور | ترجمة وتقديم |
| 942 ## - عناصر المدخل الإضافي( كوها) | |
| مصدر التصنيف او مخطط الترفيف | Dewey Decimal Classification |
| Koha [default] item type | كتاب |
| حالة التراجع | حالة الفقد | حالة تلف | ليس للاعارة | المكان المؤقت | الموقع الحالى | تاريخ الاكتساب | اجمالي اﻻعارات | رقم الطلب | الباركود | تاريخ اخر مشاهدة | تاريخ تفعيل السعر | نوع وعاء كوها |
|---|---|---|---|---|---|---|---|---|---|---|---|---|
| مكتبة القاهرة الكبرى | مكتبة القاهرة الكبرى | 03/26/2014 | 172.1\ك ا | 109469 | 03/26/2014 | 03/26/2014 | كتاب | |||||
| مكتبة القاهرة الكبرى | مكتبة القاهرة الكبرى | 03/26/2014 | 172.1\ك ا | 109471 | 03/26/2014 | 03/26/2014 | كتاب |

